[Event "HSG Open 2019 A"]
[Site "Hilversum"]
[Date "2019.06.22"]
[Round "4.7"]
[White "L'Ami, Erwin"]
[Black "Rademakers, Evert"]
[Result "1-0"]
[BlackElo "2247"]
[WhiteElo "2648"]
[LiveChessVersion "1.4.8"]

1. d4 {[%clk 1:50:17]} g6 {[%clk 1:47:42]} 2. e4 {[%clk 1:49:38]} Bg7
{[%clk 1:47:40]} 3. Nc3 {[%clk 1:49:08]} d6 {[%clk 1:47:48]} 4. Be3
{[%clk 1:48:25]} a6 {[%clk 1:47:56]} 5. g4 {[%clk 1:47:25]} b5 {[%clk 1:44:19]}
6. Bg2 {[%clk 1:46:09]} Bb7 {[%clk 1:40:29]} 7. h4 {[%clk 1:44:15]} h6
{[%clk 1:26:58]} 8. Nge2 {[%clk 1:36:26]} Nd7 {[%clk 1:18:23]} 9. Ng3
{[%clk 1:28:40]} e5 {[%clk 1:14:50]} 10. d5 {[%clk 1:23:12]} Bf6 {[%clk 1:11:25]}
11. h5 {[%clk 1:22:27]} Bg5 {[%clk 1:11:28]} 12. hxg6 {[%clk 1:22:13]} fxg6
{[%clk 1:11:27]} 13. Qd2 {[%clk 1:22:17]} Bxe3 {[%clk 1:10:37]} 14. Qxe3
{[%clk 1:22:20]} Qf6 {[%clk 1:04:16]} 15. Nce2 {[%clk 1:15:25]} Nb6
{[%clk 0:53:32]} 16. b3 {[%clk 1:13:37]} Bc8 {[%clk 0:49:59]} 17. f3
{[%clk 1:12:06]} Bd7 {[%clk 0:36:25]} 18. O-O-O {[%clk 1:09:30]} O-O-O
{[%clk 0:34:56]} 19. Kb1 {[%clk 1:09:08]} Kb7 {[%clk 0:33:10]} 20. Nc1
{[%clk 1:07:02]} g5 {[%clk 0:26:11]} 21. Qc3 {[%clk 1:00:50]} Ne7
{[%clk 0:23:46]} 22. Nd3 {[%clk 0:59:30]} Ra8 {[%clk 0:14:36]} 23. Bf1
{[%clk 0:50:15]} Rhc8 {[%clk 0:11:19]} 24. Nf5 {[%clk 0:47:08]} Bxf5
{[%clk 0:10:10]} 25. gxf5 {[%clk 0:46:57]} c5 {[%clk 0:07:31]} 26. dxc6+
{[%clk 0:40:47]} Nxc6 {[%clk 0:07:38]} 27. Qd2 {[%clk 0:40:32]} Nd4
{[%clk 0:06:34]} 28. Ne1 {[%clk 0:40:22]} Rd8 {[%clk 0:05:07]} 29. Qh2
{[%clk 0:38:08]} Rh8 {[%clk 0:05:17]} 30. c3 {[%clk 0:37:21]} Nc6
{[%clk 0:05:21]} 31. Nc2 {[%clk 0:37:08]} h5 {[%clk 0:04:26]} 32. Qd2
{[%clk 0:36:18]} Rad8 {[%clk 0:04:34]} 33. Ne3 {[%clk 0:36:16]} Qf7
{[%clk 0:00:59]} 34. Kb2 {[%clk 0:35:37]} h4 {[%clk 0:00:45]} 35. Rg1
{[%clk 0:33:21]} Rhg8 {[%clk 0:00:47]} 36. Qd3 {[%clk 0:32:10]} Rd7
{[%clk 0:00:24]} 37. Rd2 {[%clk 0:31:32]} Rdd8 {[%clk 0:00:16]} 38. Be2
{[%clk 0:28:40]} Rd7 {[%clk 0:00:24]} 39. Rgd1 {[%clk 0:28:36]} Rgd8
{[%clk 0:00:29]} 40. a4 {[%clk 0:27:34]} Na5 {[%clk 0:00:36]} 41. Nd5
{[%clk 0:27:25]} Nac4+ {[%clk 0:00:15]} 42. bxc4 {[%clk 0:27:18]} Nxc4+
{[%clk 0:00:24]} 43. Ka1 {[%clk 0:26:45]} Nxd2 {[%clk 0:00:31]} 44. Rxd2
{[%clk 0:26:32]} 1-0

[Event "HSG Open 2019 A"]
[Site "Hilversum"]
[Date "2019.06.22"]
[Round "4.8"]
[White "Doggers, Peter"]
[Black "Nijboer, Friso"]
[Result "0-1"]
[BlackElo "2488"]
[WhiteElo "2144"]
[LiveChessVersion "1.4.8"]

1. Nf3 {[%clk 1:47:40]} d6 {[%clk 1:48:58]} 2. g3 {[%clk 1:47:34]} g6
{[%clk 1:47:17]} 3. Bg2 {[%clk 1:47:29]} Bg7 {[%clk 1:47:22]} 4. O-O
{[%clk 1:47:32]} Nf6 {[%clk 1:47:06]} 5. c4 {[%clk 1:47:29]} O-O {[%clk 1:47:11]}
6. Nc3 {[%clk 1:47:36]} Nc6 {[%clk 1:47:16]} 7. Rb1 {[%clk 1:47:34]} a5
{[%clk 1:43:33]} 8. a3 {[%clk 1:47:10]} e5 {[%clk 1:43:23]} 9. d3
{[%clk 1:47:00]} h6 {[%clk 1:43:25]} 10. b4 {[%clk 1:46:36]} axb4
{[%clk 1:43:32]} 11. axb4 {[%clk 1:46:40]} Be6 {[%clk 1:43:38]} 12. b5
{[%clk 1:46:29]} Ne7 {[%clk 1:43:43]} 13. Bb2 {[%clk 1:45:43]} Qd7
{[%clk 1:43:41]} 14. Re1 {[%clk 1:44:49]} Bh3 {[%clk 1:42:54]} 15. Bh1
{[%clk 1:44:47]} Ng4 {[%clk 1:32:28]} 16. Ra1 {[%clk 1:43:01]} Rab8
{[%clk 1:32:12]} 17. Ra7 {[%clk 1:42:16]} f5 {[%clk 1:01:42]} 18. Qb3
{[%clk 1:31:05]} Kh8 {[%clk 0:55:05]} 19. Rea1 {[%clk 1:19:28]} f4
{[%clk 0:51:32]} 20. Ne4 {[%clk 1:17:18]} Nf5 {[%clk 0:37:21]} 21. Bc3
{[%clk 1:08:41]} g5 {[%clk 0:32:45]} 22. Qb2 {[%clk 1:06:16]} Qf7
{[%clk 0:26:29]} 23. d4 {[%clk 0:59:50]} fxg3 {[%clk 0:20:30]} 24. hxg3
{[%clk 0:55:52]} exd4 {[%clk 0:17:05]} 25. Nxd4 {[%clk 0:55:28]} Nxg3
{[%clk 0:17:02]} 0-1

[Event "HSG Open 2019 A"]
[Site "Hilversum"]
[Date "2019.06.22"]
[Round "4.9"]
[White "De Rover, Yong Hoon"]
[Black "Roehr, Tobias"]
[Result "1-0"]
[BlackElo "2208"]
[WhiteElo "2395"]
[LiveChessVersion "1.4.8"]

1. Nf3 {[%clk 1:49:51]} c5 {[%clk 1:50:01]} 2. c4 {[%clk 1:49:38]} e6
{[%clk 1:47:23]} 3. g3 {[%clk 1:48:52]} b6 {[%clk 1:46:35]} 4. Bg2
{[%clk 1:48:30]} Bb7 {[%clk 1:46:39]} 5. O-O {[%clk 1:47:35]} Be7
{[%clk 1:46:17]} 6. d4 {[%clk 1:40:17]} cxd4 {[%clk 1:45:24]} 7. Qxd4
{[%clk 1:40:13]} Nf6 {[%clk 1:45:06]} 8. Nc3 {[%clk 1:40:10]} O-O
{[%clk 1:44:18]} 9. Rd1 {[%clk 1:40:11]} d6 {[%clk 1:41:02]} 10. b3
{[%clk 1:32:26]} Nbd7 {[%clk 1:39:39]} 11. e4 {[%clk 1:30:29]} Qb8
{[%clk 1:36:22]} 12. Ba3 {[%clk 1:23:42]} Nc5 {[%clk 1:36:00]} 13. e5
{[%clk 1:22:45]} dxe5 {[%clk 1:28:30]} 14. Qxe5 {[%clk 1:22:32]} Qc8
{[%clk 1:21:52]} 15. Qe2 {[%clk 1:18:45]} Rd8 {[%clk 1:15:14]} 16. Rxd8+
{[%clk 1:13:46]} Qxd8 {[%clk 1:14:46]} 17. Rd1 {[%clk 1:13:25]} Qf8
{[%clk 1:11:26]} 18. Ne5 {[%clk 1:08:24]} Bxg2 {[%clk 1:04:29]} 19. Kxg2
{[%clk 1:08:24]} Ncd7 {[%clk 0:59:58]} 20. Rxd7 {[%clk 0:45:17]} Bxa3
{[%clk 0:57:21]} 21. Rxf7 {[%clk 0:41:49]} Qe8 {[%clk 0:45:10]} 22. Nb5
{[%clk 0:41:17]} Bc5 {[%clk 0:43:01]} 23. Qf3 {[%clk 0:34:34]} Qc8
{[%clk 0:39:49]} 24. Rc7 {[%clk 0:31:51]} Qd8 {[%clk 0:37:29]} 25. Ng4
{[%clk 0:26:45]} Nxg4 {[%clk 0:35:50]} 26. Qf7+ {[%clk 0:26:37]} 1-0

[Event "HSG Open 2019 A"]
[Site "Hilversum"]
[Date "2019.06.22"]
[Round "4.10"]
[White "Zwirs, Nico"]
[Black "Schulze, Lara"]
[Result "1/2-1/2"]
[BlackElo "2160"]
[WhiteElo "2387"]
[LiveChessVersion "1.4.8"]

1. c4 {[%clk 1:50:18]} e5 {[%clk 1:50:16]} 2. a3 {[%clk 1:50:23]} g6
{[%clk 1:46:33]} 3. b4 {[%clk 1:48:14]} Bg7 {[%clk 1:46:01]} 4. Bb2
{[%clk 1:48:17]} f5 {[%clk 1:39:41]} 5. e3 {[%clk 1:48:01]} d6 {[%clk 1:37:28]}
6. d4 {[%clk 1:47:12]} Nd7 {[%clk 1:36:57]} 7. Qb3 {[%clk 1:44:34]} Qe7
{[%clk 1:29:19]} 8. Nc3 {[%clk 1:38:36]} c6 {[%clk 1:28:45]} 9. dxe5
{[%clk 1:38:26]} dxe5 {[%clk 1:28:02]} 10. Nf3 {[%clk 1:37:32]} Nh6
{[%clk 1:27:17]} 11. c5 {[%clk 1:33:47]} Nf7 {[%clk 1:21:26]} 12. e4
{[%clk 1:22:16]} f4 {[%clk 1:18:05]} 13. Bc4 {[%clk 1:04:55]} O-O
{[%clk 1:03:23]} 14. h4 {[%clk 1:02:46]} h6 {[%clk 1:01:08]} 15. O-O-O
{[%clk 1:01:43]} Nf6 {[%clk 0:47:51]} 16. Nxe5 {[%clk 0:39:09]} Qxe5
{[%clk 0:47:40]} 17. Nd5 {[%clk 0:36:47]} cxd5 {[%clk 0:46:06]} 18. Bxe5
{[%clk 0:35:38]} dxc4 {[%clk 0:45:40]} 19. Qxc4 {[%clk 0:35:31]} Re8
{[%clk 0:44:19]} 20. Bxf6 {[%clk 0:27:59]} Bxf6 {[%clk 0:44:25]} 21. Rd6
{[%clk 0:28:01]} Kg7 {[%clk 0:43:48]} 22. Rxf6 {[%clk 0:28:08]} Kxf6
{[%clk 0:43:28]} 23. Qc3+ {[%clk 0:28:12]} Ne5 {[%clk 0:38:14]} 24. Rd1
{[%clk 0:23:46]} Be6 {[%clk 0:36:15]} 25. g3 {[%clk 0:20:26]} f3 {[%clk 0:35:18]}
26. Rd3 {[%clk 0:20:31]} Bg4 {[%clk 0:34:20]} 27. Rd6+ {[%clk 0:20:30]} Re6
{[%clk 0:33:13]} 28. Qd2 {[%clk 0:13:38]} g5 {[%clk 0:29:11]} 29. Kc2
{[%clk 0:09:16]} Rc8 {[%clk 0:27:24]} 30. Rd8 {[%clk 0:09:04]} Rxd8
{[%clk 0:23:07]} 31. Qxd8+ {[%clk 0:09:13]} Re7 {[%clk 0:21:13]} 32. Qh8+
{[%clk 0:08:06]} Kg6 {[%clk 0:20:17]} 33. Qg8+ {[%clk 0:08:03]} Kf6
{[%clk 0:18:24]} 34. Qh8+ {[%clk 0:07:51]} Kg6 {[%clk 0:18:09]} 35. Qg8+
{[%clk 0:06:44]} Kf6 {[%clk 0:16:40]} 36. Qh8+ {[%clk 0:05:33]} 1/2-1/2

[Event "HSG Open 2019 A"]
[Site "Hilversum"]
[Date "2019.06.22"]
[Round "4.11"]
[White "Miedema, David"]
[Black "Overeem, Marc"]
[Result "1-0"]
[BlackElo "2158"]
[WhiteElo "2374"]
[LiveChessVersion "1.4.8"]

1. e4 {[%clk 1:50:19]} c5 {[%clk 1:49:52]} 2. Nf3 {[%clk 1:50:24]} e6
{[%clk 1:49:35]} 3. d4 {[%clk 1:50:30]} cxd4 {[%clk 1:49:27]} 4. Nxd4
{[%clk 1:50:36]} Nc6 {[%clk 1:49:19]} 5. Nc3 {[%clk 1:50:42]} Qc7
{[%clk 1:49:00]} 6. Be3 {[%clk 1:50:47]} a6 {[%clk 1:48:49]} 7. Qf3
{[%clk 1:50:52]} Nf6 {[%clk 1:48:13]} 8. O-O-O {[%clk 1:50:45]} Ne5
{[%clk 1:47:04]} 9. Qg3 {[%clk 1:50:51]} h5 {[%clk 1:46:06]} 10. h4
{[%clk 1:37:36]} b5 {[%clk 1:44:09]} 11. Kb1 {[%clk 1:27:03]} Bb7
{[%clk 1:33:28]} 12. f3 {[%clk 1:26:38]} Rc8 {[%clk 1:29:06]} 13. Bxb5
{[%clk 1:12:43]} Nxe4 {[%clk 1:01:27]} 14. fxe4 {[%clk 1:08:23]} Ng4
{[%clk 1:00:28]} 15. Bf4 {[%clk 1:00:37]} e5 {[%clk 1:00:04]} 16. Ne6
{[%clk 1:00:30]} fxe6 {[%clk 0:55:10]} 1-0

[Event "HSG Open 2019 A"]
[Site "Hilversum"]
[Date "2019.06.22"]
[Round "4.12"]
[White "Hommes, Elmar"]
[Black "Wiersma, Eelke"]
[Result "0-1"]
[BlackElo "2332"]
[WhiteElo "2123"]
[LiveChessVersion "1.4.8"]

1. d4 {[%clk 1:50:09]} Nf6 {[%clk 1:50:11]} 2. Nf3 {[%clk 1:50:07]} c5
{[%clk 1:50:07]} 3. c4 {[%clk 1:50:03]} cxd4 {[%clk 1:49:04]} 4. Nxd4
{[%clk 1:50:02]} Nc6 {[%clk 1:48:17]} 5. Nc3 {[%clk 1:49:57]} Qb6
{[%clk 1:47:17]} 6. Nc2 {[%clk 1:48:25]} e6 {[%clk 1:46:48]} 7. e4
{[%clk 1:40:40]} Bc5 {[%clk 1:39:07]} 8. Qe2 {[%clk 1:33:49]} Nd4
{[%clk 1:32:56]} 9. Nxd4 {[%clk 1:33:03]} Bxd4 {[%clk 1:33:00]} 10. Bd2
{[%clk 1:21:57]} d6 {[%clk 1:28:43]} 11. O-O-O {[%clk 1:02:16]} Bd7
{[%clk 1:24:48]} 12. g4 {[%clk 0:53:36]} h6 {[%clk 1:13:21]} 13. Bg2
{[%clk 0:47:18]} Bxf2 {[%clk 1:11:15]} 14. h4 {[%clk 0:45:29]} h5
{[%clk 1:10:17]} 15. gxh5 {[%clk 0:44:02]} Nxh5 {[%clk 1:07:52]} 16. Rdf1
{[%clk 0:40:34]} Bd4 {[%clk 1:05:27]} 17. Rh3 {[%clk 0:40:17]} Rc8
{[%clk 1:01:54]} 18. b3 {[%clk 0:36:35]} Qc5 {[%clk 0:59:29]} 19. Kb1
{[%clk 0:31:07]} Be5 {[%clk 0:58:23]} 20. Qf3 {[%clk 0:25:54]} Nf6
{[%clk 0:58:03]} 21. Rc1 {[%clk 0:23:53]} Bc6 {[%clk 0:53:46]} 22. Bf4
{[%clk 0:19:38]} Bxf4 {[%clk 0:40:43]} 23. Qxf4 {[%clk 0:19:37]} Qe5
{[%clk 0:40:26]} 24. Qxe5 {[%clk 0:14:39]} dxe5 {[%clk 0:40:30]} 25. Bf3
{[%clk 0:14:25]} Ke7 {[%clk 0:38:30]} 26. Rg1 {[%clk 0:13:31]} g6
{[%clk 0:33:30]} 27. Kb2 {[%clk 0:12:20]} Rh6 {[%clk 0:32:32]} 28. b4
{[%clk 0:10:05]} b6 {[%clk 0:31:39]} 29. Rg5 {[%clk 0:07:11]} Rch8
{[%clk 0:30:13]} 30. h5 {[%clk 0:06:36]} Nxh5 {[%clk 0:29:50]} 31. c5
{[%clk 0:03:37]} bxc5 {[%clk 0:26:38]} 32. b5 {[%clk 0:03:44]} Rb8
{[%clk 0:23:08]} 33. a4 {[%clk 0:03:07]} a6 {[%clk 0:22:26]} 34. Rxe5
{[%clk 0:02:57]} axb5 {[%clk 0:22:10]} 35. Rxc5 {[%clk 0:02:57]} Nf4
{[%clk 0:20:03]} 36. Rxh6 {[%clk 0:02:21]} Nd3+ {[%clk 0:20:08]} 37. Kc2
{[%clk 0:01:10]} Nxc5 {[%clk 0:20:13]} 38. axb5 {[%clk 0:01:17]} Bxb5
{[%clk 0:20:15]} 39. Rh1 {[%clk 0:00:49]} Bc6 {[%clk 0:19:00]} 40. Rh3
{[%clk 0:00:31]} Rb4 {[%clk 0:17:57]} 41. Rh4 {[%clk 0:00:17]} Rd4
{[%clk 0:17:40]} 42. Rg4 {[%clk 0:00:12]} f6 {[%clk 0:14:43]} 43. Rxg6 0-1

[Event "HSG Open 2019 A"]
[Site "Hilversum"]
[Date "2019.06.23"]
[Round "5.1"]
[White "Van Wely, Loek"]
[Black "Van de Griendt, Jan Willem"]
[Result "1-0"]
[BlackElo "2332"]
[WhiteElo "2604"]
[LiveChessVersion "1.4.8"]

1. d4 {[%clk 1:48:39]} Nf6 {[%clk 1:45:30]} 2. c4 {[%clk 1:48:38]} c5
{[%clk 1:45:02]} 3. d5 {[%clk 1:48:42]} b5 {[%clk 1:45:09]} 4. cxb5
{[%clk 1:48:45]} a6 {[%clk 1:45:15]} 5. bxa6 {[%clk 1:48:49]} g6 {[%clk 1:45:21]}
6. Nc3 {[%clk 1:48:52]} Bg7 {[%clk 1:45:25]} 7. e4 {[%clk 1:48:43]} O-O
{[%clk 1:43:59]} 8. a7 {[%clk 1:46:12]} Rxa7 {[%clk 1:43:37]} 9. Nf3
{[%clk 1:46:16]} d6 {[%clk 1:40:46]} 10. Be2 {[%clk 1:44:28]} Na6
{[%clk 1:33:42]} 11. O-O {[%clk 1:43:19]} Nc7 {[%clk 1:28:28]} 12. Bf4
{[%clk 1:32:46]} Rb7 {[%clk 1:23:40]} 13. Rb1 {[%clk 1:22:32]} Bd7
{[%clk 1:14:08]} 14. h3 {[%clk 1:05:23]} Qa8 {[%clk 0:55:05]} 15. Qc2
{[%clk 0:55:04]} Rfb8 {[%clk 0:46:01]} 16. b3 {[%clk 0:53:50]} Na6
{[%clk 0:44:43]} 17. Qd2 {[%clk 0:50:01]} Nc7 {[%clk 0:33:20]} 18. Qc2
{[%clk 0:44:05]} Qa5 {[%clk 0:27:51]} 19. a4 {[%clk 0:39:41]} Nfe8
{[%clk 0:17:03]} 20. Bd2 {[%clk 0:38:37]} Qa8 {[%clk 0:17:07]} 21. Bc4
{[%clk 0:36:42]} e6 {[%clk 0:12:45]} 22. Rfe1 {[%clk 0:25:18]} Nf6
{[%clk 0:12:26]} 23. dxe6 {[%clk 0:24:31]} Bxe6 {[%clk 0:09:08]} 24. Nb5
{[%clk 0:22:04]} Nxb5 {[%clk 0:06:49]} 25. axb5 {[%clk 0:21:43]} d5
{[%clk 0:03:36]} 26. Ra1 {[%clk 0:20:38]} Ra7 {[%clk 0:03:23]} 27. Rxa7
{[%clk 0:20:43]} Qxa7 {[%clk 0:03:27]} 28. exd5 {[%clk 0:20:50]} Bxd5
{[%clk 0:03:04]} 29. Bf4 {[%clk 0:17:35]} Rc8 {[%clk 0:03:05]} 30. Ne5
{[%clk 0:17:16]} Qb7 {[%clk 0:02:07]} 31. Qd2 {[%clk 0:14:22]} Rf8
{[%clk 0:01:30]} 32. f3 {[%clk 0:11:54]} Re8 {[%clk 0:01:32]} 33. Ng4
{[%clk 0:10:08]} Rxe1+ {[%clk 0:00:30]} 34. Qxe1 {[%clk 0:10:16]} Bxc4
{[%clk 0:00:17]} 35. bxc4 {[%clk 0:10:07]} Qd7 {[%clk 0:00:19]} 36. Nxf6+
{[%clk 0:07:29]} Bxf6 {[%clk 0:00:27]} 37. Bh6 {[%clk 0:07:07]} g5
{[%clk 0:00:17]} 38. b6 {[%clk 0:06:51]} Bd4+ {[%clk 0:00:15]} 39. Kh1
{[%clk 0:06:51]} f6 {[%clk 0:00:19]} 40. b7 {[%clk 0:06:42]} Be5 {[%clk 0:00:12]}
41. Qxe5 {[%clk 0:06:32]} fxe5 {[%clk 0:00:20]} 42. b8=Q+ {[%clk 0:06:06]} 1-0

[Event "HSG Open 2019 A"]
[Site "Hilversum"]
[Date "2019.06.23"]
[Round "5.2"]
[White "Ten Hertog, Hugo"]
[Black "Schoppen, Casper"]
[Result "0-1"]
[BlackElo "2464"]
[WhiteElo "2482"]
[LiveChessVersion "1.4.8"]

1. g3 {[%clk 1:46:30]} Nf6 {[%clk 1:47:34]} 2. Bg2 {[%clk 1:46:09]} d5
{[%clk 1:47:27]} 3. d3 {[%clk 1:46:14]} g6 {[%clk 1:46:53]} 4. Nf3
{[%clk 1:44:11]} Bg7 {[%clk 1:46:52]} 5. O-O {[%clk 1:44:15]} O-O
{[%clk 1:46:55]} 6. Nbd2 {[%clk 1:43:36]} d4 {[%clk 1:34:59]} 7. Nb3
{[%clk 1:33:06]} Nc6 {[%clk 1:33:00]} 8. c3 {[%clk 1:33:02]} e5 {[%clk 1:23:02]}
9. cxd4 {[%clk 1:24:59]} exd4 {[%clk 1:22:54]} 10. Bf4 {[%clk 1:19:54]} Nd5
{[%clk 0:57:18]} 11. Bg5 {[%clk 1:16:44]} Qd6 {[%clk 0:57:12]} 12. Qd2
{[%clk 1:13:22]} Re8 {[%clk 0:55:17]} 13. Rac1 {[%clk 1:12:13]} a5
{[%clk 0:46:47]} 14. Bh6 {[%clk 0:31:33]} Bh8 {[%clk 0:41:48]} 15. a3
{[%clk 0:30:07]} a4 {[%clk 0:29:42]} 16. Nc5 {[%clk 0:29:34]} b6 {[%clk 0:29:04]}
17. Ne4 {[%clk 0:28:25]} Qd7 {[%clk 0:28:44]} 18. Qc2 {[%clk 0:09:24]} Bb7
{[%clk 0:21:42]} 19. h4 {[%clk 0:09:21]} Na5 {[%clk 0:19:36]} 20. h5
{[%clk 0:07:06]} Nb3 {[%clk 0:18:38]} 21. Rce1 {[%clk 0:07:11]} Nf6
{[%clk 0:17:16]} 22. hxg6 {[%clk 0:07:03]} hxg6 {[%clk 0:16:29]} 23. Nfg5
{[%clk 0:05:52]} Nxe4 {[%clk 0:14:14]} 24. dxe4 {[%clk 0:05:21]} Ra5
{[%clk 0:13:16]} 25. f4 {[%clk 0:04:22]} Qc6 {[%clk 0:08:38]} 26. Qxc6
{[%clk 0:00:25]} Bxc6 {[%clk 0:08:47]} 27. e5 {[%clk 0:00:30]} Bxg2
{[%clk 0:08:28]} 28. Kxg2 {[%clk 0:00:38]} Nd2 {[%clk 0:06:48]} 29. Rh1
{[%clk 0:00:19]} f6 {[%clk 0:05:33]} 30. Rd1 {[%clk 0:00:17]} Nb3
{[%clk 0:04:23]} 31. Nf3 {[%clk 0:00:12]} fxe5 {[%clk 0:04:21]} 32. fxe5
{[%clk 0:00:14]} Bxe5 {[%clk 0:04:23]} 33. Rh4 {[%clk 0:00:20]} Bf6
{[%clk 0:03:55]} 34. Rg4 {[%clk 0:00:13]} Rxe2+ {[%clk 0:03:53]} 35. Kf1
{[%clk 0:00:21]} Rxb2 {[%clk 0:03:54]} 36. Re1 {[%clk 0:00:20]} Rf5
{[%clk 0:03:25]} 37. Bf4 {[%clk 0:00:26]} Kf7 {[%clk 0:03:25]} 0-1

[Event "HSG Open 2019 A"]
[Site "Hilversum"]
[Date "2019.06.23"]
[Round "5.3"]
[White "Wiersma, Eelke"]
[Black "L'Ami, Erwin"]
[Result "1-0"]
[BlackElo "2648"]
[WhiteElo "2332"]
[LiveChessVersion "1.4.8"]

1. e4 {[%clk 1:50:17]} c6 {[%clk 1:46:12]} 2. d4 {[%clk 1:50:15]} d5
{[%clk 1:46:13]} 3. e5 {[%clk 1:50:14]} Bf5 {[%clk 1:46:15]} 4. Nf3
{[%clk 1:50:12]} e6 {[%clk 1:46:09]} 5. Be2 {[%clk 1:50:12]} Ne7 {[%clk 1:45:57]}
6. O-O {[%clk 1:50:09]} Nd7 {[%clk 1:45:58]} 7. Nbd2 {[%clk 1:50:02]} Nc8
{[%clk 1:45:40]} 8. Nb3 {[%clk 1:46:05]} Be7 {[%clk 1:45:38]} 9. a4
{[%clk 1:44:26]} O-O {[%clk 1:45:36]} 10. a5 {[%clk 1:44:26]} a6 {[%clk 1:45:31]}
11. c4 {[%clk 1:40:03]} Na7 {[%clk 1:37:22]} 12. Be3 {[%clk 1:34:50]} Bg4
{[%clk 1:29:54]} 13. h3 {[%clk 1:30:27]} Bh5 {[%clk 1:29:55]} 14. g4
{[%clk 1:27:37]} Bg6 {[%clk 1:25:56]} 15. Nfd2 {[%clk 1:24:30]} dxc4
{[%clk 1:14:39]} 16. Bxc4 {[%clk 1:22:19]} c5 {[%clk 1:14:12]} 17. f4
{[%clk 1:16:41]} cxd4 18. Nxd4 {[%clk 1:05:45]} Bc5 {[%clk 1:08:10]} 19. N2b3
{[%clk 1:00:23]} Be4 {[%clk 1:04:53]} 20. Nxc5 {[%clk 0:56:47]} Nxc5
{[%clk 1:04:53]} 21. b4 {[%clk 0:55:05]} Nd7 {[%clk 1:04:34]} 22. Nxe6
{[%clk 0:47:53]} Qh4 {[%clk 0:55:44]} 23. Kh2 {[%clk 0:46:35]} Nxe5
{[%clk 0:54:28]} 24. fxe5 {[%clk 0:46:09]} fxe6 {[%clk 0:53:58]} 25. Bxa7
{[%clk 0:44:49]} Rxf1 {[%clk 0:48:09]} 26. Qxf1 {[%clk 0:40:34]} Qg5
{[%clk 0:47:30]} 27. Bd4 {[%clk 0:36:01]} Rd8 {[%clk 0:46:38]} 28. Bxe6+
{[%clk 0:34:36]} Kh8 {[%clk 0:46:42]} 29. Qf2 {[%clk 0:34:20]} h5
{[%clk 0:45:29]} 30. Rf1 {[%clk 0:32:41]} h4 {[%clk 0:44:25]} 31. Qe3
{[%clk 0:30:11]} 1-0

[Event "HSG Open 2019 A"]
[Site "Hilversum"]
[Date "2019.06.23"]
[Round "5.4"]
[White "Lanchava, Tea"]
[Black "Burg, Twan"]
[Result "0-1"]
[BlackElo "2523"]
[WhiteElo "2314"]
[LiveChessVersion "1.4.8"]

1. c4 {[%clk 1:48:39]} e5 {[%clk 1:50:16]} 2. g3 {[%clk 1:48:39]} Nf6
{[%clk 1:50:21]} 3. Bg2 {[%clk 1:48:26]} d5 {[%clk 1:50:26]} 4. cxd5
{[%clk 1:47:52]} Nxd5 {[%clk 1:50:29]} 5. Nc3 {[%clk 1:47:41]} Nb6
{[%clk 1:50:32]} 6. Nf3 {[%clk 1:47:23]} Nc6 {[%clk 1:50:37]} 7. a3
{[%clk 1:46:16]} Be7 {[%clk 1:50:41]} 8. b4 {[%clk 1:45:37]} O-O {[%clk 1:50:39]}
9. O-O {[%clk 1:43:28]} Be6 {[%clk 1:50:32]} 10. b5 {[%clk 1:36:36]} Nd4
{[%clk 1:50:23]} 11. Rb1 {[%clk 1:34:53]} f6 {[%clk 1:46:50]} 12. Ne1
{[%clk 1:29:55]} Qc8 {[%clk 1:46:30]} 13. e3 {[%clk 1:28:26]} Nf5
{[%clk 1:46:17]} 14. Qc2 {[%clk 1:25:00]} Nd6 {[%clk 1:43:59]} 15. a4
{[%clk 1:15:14]} a5 {[%clk 1:42:18]} 16. Ne4 {[%clk 1:09:47]} Nxe4
{[%clk 1:39:26]} 17. Bxe4 {[%clk 1:09:31]} f5 {[%clk 1:39:25]} 18. Bg2
{[%clk 1:09:12]} Nd5 {[%clk 1:36:08]} 19. f4 {[%clk 1:03:14]} e4 {[%clk 1:32:42]}
20. d3 {[%clk 0:58:50]} Nb4 {[%clk 1:32:24]} 21. Qc3 {[%clk 0:58:28]} Bf6
{[%clk 1:31:20]} 22. d4 {[%clk 0:58:15]} c5 {[%clk 1:26:29]} 23. bxc6
{[%clk 0:55:17]} Ra6 {[%clk 1:23:22]} 24. Ba3 {[%clk 0:49:26]} Rxc6
{[%clk 1:22:45]} 25. Qb2 {[%clk 0:48:54]} Rc3 {[%clk 1:01:40]} 26. Bxb4
{[%clk 0:41:27]} axb4 {[%clk 1:01:42]} 27. Qxb4 {[%clk 0:37:06]} Rxe3
{[%clk 1:01:29]} 28. Kh1 {[%clk 0:18:24]} Rc3 {[%clk 0:55:12]} 29. g4
{[%clk 0:13:55]} Rf7 {[%clk 0:51:10]} 30. gxf5 {[%clk 0:12:29]} Bxf5
{[%clk 0:45:39]} 31. d5 {[%clk 0:12:27]} Rc4 {[%clk 0:44:56]} 32. Qb3
{[%clk 0:11:25]} e3 {[%clk 0:43:09]} 33. d6 {[%clk 0:09:26]} Bxb1
{[%clk 0:42:44]} 34. Qxb1 {[%clk 0:07:48]} e2 {[%clk 0:41:26]} 35. Rg1
{[%clk 0:07:26]} Bd4 {[%clk 0:39:50]} 36. Bd5 {[%clk 0:05:55]} Bxg1
{[%clk 0:39:49]} 37. Qb5 {[%clk 0:02:19]} Rcxf4 {[%clk 0:34:36]} 38. d7
{[%clk 0:02:26]} Qd8 {[%clk 0:32:46]} 39. Qxb7 {[%clk 0:00:45]} Bb6
{[%clk 0:32:11]} 40. Qc8 {[%clk 0:00:12]} Rf1+ {[%clk 0:31:33]} 41. Kg2
{[%clk 0:00:21]} Rxe1 {[%clk 0:30:54]} 42. Bxf7+ {[%clk 0:00:29]} Kf8
{[%clk 0:30:25]} 43. Kh3 {[%clk 0:00:15]} Rg1 {[%clk 0:29:06]} 0-1

[Event "HSG Open 2019 A"]
[Site "Hilversum"]
[Date "2019.06.23"]
[Round "5.5"]
[White "Nijboer, Friso"]
[Black "De Ruiter, Danny"]
[Result "1-0"]
[WhiteElo "2488"]
[BlackElo "2309"]
[PlyCount "83"]
[EventDate "2019.06.23"]

1. e4 c5 2. Nf3 e6 3. d4 cxd4 4. Nxd4 Nc6 5. Nc3 Qc7 6. Be3 a6 7. Qf3 Nf6 8.
O-O-O Ne5 9. Qg3 b5 10. f4 Neg4 11. Bg1 h5 12. h3 b4 13. Nd5 exd5 14. hxg4 dxe4
15. g5 Nd5 16. Qb3 Nb6 17. g4 d5 18. gxh5 Bd6 19. Kb1 Bd7 20. Rh4 Bxf4 21. Nb5
Bxb5 22. Bxb5+ axb5 23. Bxb6 Qxb6 24. Rxf4 O-O-O 25. Qxb4 Rxh5 26. Rxf7 d4 27.
a4 Rxg5 28. Qe7 Rgd5 29. a5 Qc6 30. Qxe4 Qa6 31. Rxg7 b4 32. Qe7 R8d7 33. Rg8+
Kc7 34. Qxb4 Qb5 35. Qxb5 Rxb5 36. Rg4 Rbd5 37. b4 d3 38. Rxd3 Rxd3 39. cxd3
Rxd3 40. Kc2 Rh3 41. Rc4+ Kb7 42. Rc3 1-0